| 000 | 00748 a2200181 4500 | ||
|---|---|---|---|
| 020 | _a0679724699 (paperback) | ||
| 020 | _a9780679724698 (paperback) | ||
| 082 | _a301.41'7 | ||
| 090 |
_c6481 _d6481 |
||
| 100 | 1 | _aFoucault, Michel. | |
| 245 | 1 | 4 |
_aThe history of sexuality. _nVol. 1 : _ban introduction / _cMichel Foucault, Robert Hurley. |
| 260 |
_a[S.l.] : _bVintage, _c1990. |
||
| 300 |
_a168 p. ; _c21 cm. |
||
| 520 | _aThe author turns his attention to sex and the reasons why we are driven constantly to analyze and discuss it. An iconoclastic explanation of modern sexual history. | ||
| 700 | 1 | _aHurley, Robert. | |
| 856 | 4 | 0 |
_3Amazon.com _uhttp://www.amazon.com/exec/obidos/ASIN/0679724699/chopaconline-20 |
| 942 |
_aNBS _cBK _k301.41'7 FOU |
||
| 999 |
_c348842 _d348842 |
||